| 000 | 00822nam a2200229 a 4500 | ||
|---|---|---|---|
| 001 | 61933 | ||
| 003 | BD-RjUL | ||
| 005 | 20211209081024.0 | ||
| 008 | 170122s1992 bg ||||| |||| 00| 0 ben d | ||
| 020 | _c: TK 75.00 | ||
| 035 | _a(BD-RjUL)62058 | ||
| 040 |
_aBD-RjUL _bben _cBD-RjUL |
||
| 041 | _aben | ||
| 082 |
_223 _a954.9205 _bRAS 1992 |
||
| 100 |
_aরশীদ, কাজী হারুনুর _9178279 |
||
| 245 | 1 | 0 |
_aস্বাধীনতা / _cকাজী হারুনুর রশীদ |
| 260 |
_aঢাকা : _b কাজী হারুনুর রশীদ, _c১৯৯২ |
||
| 300 |
_a১৭০ পৃ. ; _c২১ সেমি. |
||
| 650 |
_aস্বাধীনতা _zবাংলাদেশ _9184340 |
||
| 650 |
_aLiberation War _zBangladesh _9170553 |
||
| 942 |
_2ddc _cBK |
||
| 999 |
_c61933 _d61933 |
||